Literature - British | 0 | 2 | 0 | 0 | 20 | 115 | 122.50 | 0 | 0 |
Fine Arts - Music | 0 | 2 | 0 | 0 | 20 | 95 | 102.00 | 0 | 0 |
Literature - American | 0 | 2 | 0 | 0 | 20 | 120 | 125.00 | 0 | 0 |
Fine Arts - Photography | 0 | 1 | 0 | 0 | 10 | 118 | 118.00 | 0 | 0 |
Geography - Europe | 0 | 1 | 0 | 0 | 10 | 59 | 59.00 | 0 | 1 |
Geography - World | 0 | 1 | 0 | 0 | 10 | 107 | 107.00 | 0 | 0 |
History - European | 0 | 1 | 0 | 0 | 10 | 122 | 122.00 | 0 | 0 |
Social Science - Psychology | 0 | 1 | 0 | 0 | 10 | 121 | 121.00 | 0 | 0 |
Fine Arts - Miscellaneous | 0 | 1 | 0 | 0 | 10 | 87 | 87.00 | 0 | 0 |
Fine Arts - Painting | 0 | 1 | 0 | 0 | 10 | 122 | 122.00 | 0 | 0 |
Other - Other Academic and General Knowledge | 0 | 1 | 0 | 0 | 10 | 109 | 109.00 | 0 | 0 |
RMP - Christian Practice | 0 | 1 | 0 | 0 | 10 | 101 | 101.00 | 0 | 0 |
RMP - Greco-Roman Mythology | 0 | 1 | 0 | 0 | 10 | 73 | 73.00 | 0 | 0 |
Science - Biology | 0 | 1 | 0 | 0 | 10 | 111 | 111.00 | 0 | 0 |
Science - Computer Science | 0 | 1 | 0 | 0 | 10 | 119 | 119.00 | 0 | 0 |
Science - Earth | 0 | 1 | 0 | 0 | 10 | 107 | 107.00 | 0 | 0 |
Science - Physics | 0 | 1 | 0 | 0 | 10 | 117 | 117.00 | 0 | 0 |
Current Events - U.S. | 0 | 1 | 0 | 0 | 10 | 121 | 121.00 | 0 | 0 |
RMP - Hinduism | 0 | 0 | 0 | 0 | 0 | | 0.00 | 0 | 0 |
RMP - Other Religion | 0 | 0 | 0 | 0 | 0 | | 0.00 | 0 | 0 |
History - World | 0 | 0 | 0 | 0 | 0 | | 0.00 | 0 | 0 |
History - Cross, Historiography, and Miscellaneous | 0 | 0 | 0 | 0 | 0 | | 0.00 | 0 | 0 |
Literature - European | 0 | 0 | 0 | 0 | 0 | | 0.00 | 0 | 0 |
Literature - World and Miscellaneous | 0 | 0 | 0 | 0 | 0 | | 0.00 | 0 | 0 |
RMP - Philosophy | 0 | 0 | 0 | 0 | 0 | | 0.00 | 0 | 0 |
RMP - World Mythology | 0 | 0 | 0 | 0 | 0 | | 0.00 | 0 | 0 |
RMP - East Asian Religion | 0 | 0 | 0 | 0 | 0 | | 0.00 | 0 | 0 |
Science - Chemistry | 0 | 0 | 0 | 0 | 0 | | 0.00 | 0 | 0 |